[Event "Noisiel 5th op"]
[Site "Noisiel"]
[Date "2020.02.19"]
[Round "8"]
[White "Meillon, Judicael"]
[Black "Degardin, Sylvain"]
[Result "0-1"]
[WhiteElo "2051"]
[BlackElo "2259"]
[PlyCount "92"]
[EventDate "2020.02.15"]
[EventType "swiss"]
[EventRounds "9"]
[EventCountry "FRA"]

1. d3 e5 2. Nf3 Nc6 3. g3 d5 4. Bg2 Be6 5. O-O Qd7 6. a3 a5 7. e4 d4 8. Nbd2 f6
9. Nh4 g5 10. Nf5 h5 11. f4 gxf4 12. gxf4 O-O-O 13. Nf3 Bxf5 14. exf5 Bd6 15.
Nh4 Nge7 16. Qf3 Rdg8 17. fxe5 Bxe5 18. Bf4 Bxf4 19. Qxf4 Nd5 20. Qf2 Ne3 21.
Ng6 Ne5 22. Be4 Nxf1 23. Rxf1 Kb8 24. Kh1 Rh7 25. Nxe5 fxe5 26. f6 Rf7 27. Qf3
Rgf8 28. Qxh5 Qd6 29. Rf5 Rxf6 30. Rxe5 Rf1+ 31. Kg2 Qf6 32. Re8+ Rxe8 33.
Qxe8+ Ka7 34. Qb5 Qf2+ 35. Kh3 Qe3+ 36. Kh4 Rf4+ 37. Kh5 Qh3+ 38. Kg6 Qe6+ 39.
Kh5 Qg4+ 40. Kh6 Rf6+ 41. Kh7 Qh3+ 42. Kg8 Qe6+ 43. Kh8 Rf8+ 44. Kh7 Rf7+ 45.
Kg8 Re7+ 46. Kh8 Qc8+ 0-1

[Event "Noisiel 5th op"]
[Site "Noisiel"]
[Date "2020.02.19"]
[Round "8"]
[White "Le Pen, Steven"]
[Black "Macon, Arthur"]
[Result "1/2-1/2"]
[WhiteElo "2047"]
[BlackElo "2343"]
[PlyCount "120"]
[EventDate "2020.02.15"]
[EventType "swiss"]
[EventRounds "9"]
[EventCountry "FRA"]

1. e4 c6 2. d4 d5 3. e5 Bf5 4. h4 Qb6 5. g4 Bd7 6. Nc3 e6 7. Nge2 c5 8. Be3 Nc6
9. Qd2 cxd4 10. Bxd4 Nxd4 11. Nxd4 Bb4 12. a3 Bxc3 13. Qxc3 Ne7 14. h5 Rc8 15.
Qb4 Qc7 16. f4 f6 17. exf6 gxf6 18. Nb5 Bxb5 19. Bxb5+ Kf7 20. Bd3 Nc6 21. Qd2
Nd4 22. O-O Nxc2 23. Rac1 Qb6+ 24. Kh1 Ne3 25. Rxc8 Rxc8 26. Rg1 Nc4 27. Qc2
Qxb2 28. Qxb2 Nxb2 29. Bxh7 Nc4 30. Rc1 b5 31. Bd3 a5 32. g5 f5 33. Kg1 b4 34.
axb4 axb4 35. Rb1 Rb8 36. Ra1 Rb7 37. Ra8 Nb6 38. Rh8 Nd7 39. Rh7+ Kg8 40. Rh6
Nc5 41. Rg6+ Rg7 42. Rxg7+ Kxg7 43. Bb1 b3 44. Kf2 Ne4+ 45. Ke3 e5 46. fxe5
Nxg5 47. Bxf5 Ne6 48. Kd3 Kh6 49. Bg6 Nc5+ 50. Kc3 Ne6 51. Kxb3 Nf4 52. Kc3
Nxg6 53. hxg6 Kxg6 54. Kd4 Kf7 55. Kxd5 Ke7 56. e6 Ke8 57. Ke5 Ke7 58. Kf5 Ke8
59. Kg4 Ke7 60. Kh3 Kxe6 1/2-1/2

[Event "Noisiel 5th op"]
[Site "Noisiel"]
[Date "2020.02.19"]
[Round "8"]
[White "D'Cunha, Viani Antonio"]
[Black "Godebert, Florian"]
[Result "1-0"]
[WhiteElo "2403"]
[BlackElo "2002"]
[PlyCount "59"]
[EventDate "2020.02.15"]
[EventType "swiss"]
[EventRounds "9"]
[EventCountry "FRA"]

1. e4 c5 2. Nc3 e6 3. Nf3 Nc6 4. d4 cxd4 5. Nxd4 a6 6. Be3 Qc7 7. f4 d6 8. Qf3
b5 9. Nxc6 Qxc6 10. a3 Bb7 11. Bd3 Nf6 12. O-O-O Be7 13. g4 Nd7 14. g5 Nc5 15.
Bd4 e5 16. Be3 Rc8 17. Kb1 Qc7 18. f5 O-O 19. f6 Bd8 20. Bxc5 Qxc5 21. Nd5 Bxd5
22. exd5 g6 23. h4 Bb6 24. h5 Qe3 25. Qg4 Rc7 26. hxg6 fxg6 27. Rh3 Qf4 28.
Qe6+ Kh8 29. Qxd6 Rb8 30. Rdh1 1-0

[Event "Noisiel 5th op"]
[Site "Noisiel"]
[Date "2020.02.19"]
[Round "8"]
[White "Nair, Sanjeev"]
[Black "Stepien, Jaroslaw"]
[Result "1-0"]
[WhiteElo "2172"]
[BlackElo "1960"]
[PlyCount "75"]
[EventDate "2020.02.15"]
[EventType "swiss"]
[EventRounds "9"]
[EventCountry "FRA"]

1. e4 e5 2. Nf3 Nc6 3. Bc4 Nf6 4. d3 Bc5 5. c3 d6 6. Nbd2 O-O 7. O-O Bg4 8. h3
Bh5 9. Re1 a6 10. Bb3 Re8 11. Nf1 d5 12. Ng3 Bg6 13. exd5 Nxd5 14. d4 Ba7 15.
dxe5 Nde7 16. Be3 Bxe3 17. Rxe3 Na5 18. e6 Nxb3 19. Qxb3 Nd5 20. exf7+ Bxf7 21.
Rxe8+ Qxe8 22. Re1 Qb5 23. Qc2 Nf4 24. Qd2 Ng6 25. b3 h6 26. c4 Qc5 27. Qd7 b5
28. Ne4 Qb4 29. Qc6 Rf8 30. Rc1 Nf4 31. Kh2 bxc4 32. bxc4 Qb2 33. Rd1 Qxa2 34.
Qxc7 Bh5 35. Rd7 Ne6 36. Qe5 Qxc4 37. Nfd2 Qa2 38. Qxh5 1-0

[Event "Noisiel 5th op"]
[Site "Noisiel"]
[Date "2020.02.19"]
[Round "8"]
[White "Ahmed Holi Ali, Moawia"]
[Black "Vinodh, Kumar B"]
[Result "1-0"]
[WhiteElo "2121"]
[BlackElo "2034"]
[PlyCount "121"]
[EventDate "2020.02.15"]
[EventType "swiss"]
[EventRounds "9"]
[EventCountry "FRA"]

1. d4 Nf6 2. g3 e6 3. Bg2 d5 4. Nf3 Bd6 5. O-O Nbd7 6. c4 c6 7. Qc2 O-O 8. b3
Ne4 9. Nbd2 f5 10. e3 Qf6 11. Nxe4 fxe4 12. Nd2 e5 13. Bb2 Qh6 14. Rad1 exd4
15. Bxd4 Ne5 16. Bxe5 Bxe5 17. cxd5 cxd5 18. b4 Bg4 19. Rde1 Qh5 20. Qb3 Kh8
21. Qxd5 Bc3 22. Qxh5 Bxh5 23. Nxe4 Bxe1 24. Rxe1 Bf3 25. Bxf3 Rxf3 26. Rc1 Rf7
27. Kg2 h6 28. h4 Re7 29. Rc4 Rd8 30. a4 Kg8 31. Kf3 Rd5 32. g4 b5 33. Rc8+ Kh7
34. a5 Rd1 35. Rb8 a6 36. Nc5 Rb1 37. Nxa6 Rf7+ 38. Ke4 Rxf2 39. Rxb5 Rg1 40.
g5 Rg4+ 41. Kd3 Rxh4 42. Nc5 hxg5 43. Ne4 Ra2 44. Nxg5+ Kg6 45. Ne4 Ra3+ 46.
Kd4 Rh3 47. Rb6+ Kh5 48. Rb7 Rhxe3 49. Rxg7 Reb3 50. Kc4 Rb1 51. Nc5 Ra2 52. a6
Rc2+ 53. Kb5 Rcb2 54. Nd3 Ra2 55. Kb6 Rd2 56. a7 Ra1 57. Rd7 Kg5 58. b5 Kf6 59.
Nc5 Rxd7 60. Nxd7+ Ke7 61. Nc5 1-0

[Event "Noisiel 5th op"]
[Site "Noisiel"]
[Date "2020.02.19"]
[Round "8"]
[White "Houhou, Alexandre"]
[Black "Roebers, Jan"]
[Result "0-1"]
[WhiteElo "2014"]
[BlackElo "2188"]
[PlyCount "72"]
[EventDate "2020.02.15"]
[EventType "swiss"]
[EventRounds "9"]
[EventCountry "FRA"]

1. e4 e5 2. Nf3 Nc6 3. Bb5 a6 4. Ba4 Nf6 5. O-O Be7 6. Re1 b5 7. Bb3 O-O 8. a4
b4 9. a5 d6 10. h3 Rb8 11. Bc4 Be6 12. Qe2 Bxc4 13. Qxc4 Qd7 14. Qxa6 Ra8 15.
Qe2 Nxa5 16. d4 exd4 17. Nxd4 c5 18. Nf5 Nc6 19. Rxa8 Rxa8 20. Qb5 Bf8 21. Nd2
g6 22. Ne3 Nd4 23. Qd3 Qe6 24. c3 Nc6 25. Nd5 Nxd5 26. Qxd5 Qxd5 27. exd5 Ne5
28. cxb4 Nd3 29. Rf1 Nxb4 30. Ne4 Nxd5 31. Rd1 Ra1 32. Kh2 f5 33. Rxd5 fxe4 34.
Bd2 Rd1 35. g4 Kf7 36. f3 e3 0-1

[Event "Noisiel 5th op"]
[Site "Noisiel"]
[Date "2020.02.19"]
[Round "8"]
[White "Toure, Vasanth"]
[Black "Azymah, Remy"]
[Result "1-0"]
[WhiteElo "2115"]
[BlackElo "1932"]
[PlyCount "81"]
[EventDate "2020.02.15"]
[EventType "swiss"]
[EventRounds "9"]
[EventCountry "FRA"]

1. e4 c5 2. Nf3 d6 3. d4 cxd4 4. Nxd4 Nf6 5. Nc3 a6 6. h4 e5 7. Nb3 Be6 8. f4
Qc7 9. f5 Bc4 10. Bg5 Nbd7 11. Qf3 b5 12. O-O-O Be7 13. g4 Bxf1 14. Rhxf1 Nb6
15. Kb1 h6 16. Bc1 h5 17. g5 Ng4 18. Qe2 Rc8 19. a3 Qc4 20. Rd3 b4 21. axb4
Qxb4 22. Nd5 Nxd5 23. Rxd5 Qc4 24. Re1 Qxe2 25. Rxe2 O-O 26. Na5 Rc5 27. b4
Rxd5 28. exd5 Bd8 29. Nc6 Bb6 30. c4 Bf2 31. Kc2 Bxh4 32. Kd3 Re8 33. c5 dxc5
34. d6 e4+ 35. Kc2 e3 36. d7 Ra8 37. Bxe3 Nxe3+ 38. Rxe3 Kf8 39. Rh3 Bxg5 40.
Rxh5 Bh6 41. bxc5 1-0

[Event "Noisiel 5th op"]
[Site "Noisiel"]
[Date "2020.02.19"]
[Round "8"]
[White "Dubourg, Pierrick"]
[Black "Peric, Slavisa"]
[Result "1-0"]
[WhiteElo "1965"]
[BlackElo "2081"]
[PlyCount "73"]
[EventDate "2020.02.15"]
[EventType "swiss"]
[EventRounds "9"]
[EventCountry "FRA"]

1. e4 e6 2. d4 d5 3. Nd2 c5 4. Ngf3 Nc6 5. exd5 Qxd5 6. Bc4 Qd7 7. dxc5 Bxc5 8.
O-O Nf6 9. Qe2 Qc7 10. Ne4 Be7 11. Rd1 a6 12. g3 h6 13. h3 Ne5 14. Bb3 Nxf3+
15. Qxf3 Nxe4 16. Qxe4 Bd7 17. Rxd7 Kxd7 18. Bf4 Qb6 19. Rd1+ Ke8 20. Ba4+ Kf8
21. Rd7 Qb4 22. Qxb4 Bxb4 23. Rxb7 Be7 24. b4 Bf6 25. Bd6+ Kg8 26. c4 g5 27.
Bd7 Bd4 28. c5 Rd8 29. c6 Kg7 30. Be7 Rc8 31. a4 Be5 32. Bxc8 Rxc8 33. b5 axb5
34. axb5 Rc7 35. Rxc7 Bxc7 36. Bc5 Kf6 37. b6 1-0

[Event "Noisiel 5th op"]
[Site "Noisiel"]
[Date "2020.02.19"]
[Round "8"]
[White "Deodhar, Vrushali Umesh"]
[Black "Labrande, Theodore"]
[Result "1-0"]
[WhiteElo "1880"]
[BlackElo "2021"]
[PlyCount "61"]
[EventDate "2020.02.15"]
[EventType "swiss"]
[EventRounds "9"]
[EventCountry "FRA"]

1. c4 Nf6 2. Nc3 g6 3. g3 Bg7 4. Bg2 d6 5. Nf3 O-O 6. O-O e5 7. d3 Nc6 8. Rb1
h6 9. b4 Be6 10. b5 Ne7 11. Bb2 Qd7 12. Qb3 Nh5 13. Nd5 f5 14. Nxe7+ Qxe7 15.
Nh4 Nf4 16. e3 Nxg2 17. Nxg6 Qg5 18. Nxf8 Rxf8 19. f4 Qg4 20. Kxg2 Qe2+ 21. Rf2
Qxe3 22. Qd1 Qc5 23. Qe2 Re8 24. Qh5 Rf8 25. Re1 Bf7 26. Qd1 exf4 27. Bxg7 fxg3
28. Rf3 Kxg7 29. Rxg3+ Bg6 30. Re6 Rf6 31. Qa1 1-0

[Event "Noisiel 5th op"]
[Site "Noisiel"]
[Date "2020.02.19"]
[Round "8"]
[White "Roebers, Eline"]
[Black "Bellaiche, Elise"]
[Result "1-0"]
[WhiteElo "2129"]
[BlackElo "2033"]
[PlyCount "41"]
[EventDate "2020.02.15"]
[EventType "swiss"]
[EventRounds "9"]
[EventCountry "FRA"]

1. e4 c5 2. Nf3 e6 3. d4 cxd4 4. Nxd4 Nf6 5. Nc3 Nc6 6. Nxc6 bxc6 7. Bd3 d5 8.
O-O Be7 9. f4 O-O 10. Qf3 c5 11. e5 Nd7 12. Kh1 Rb8 13. b3 Bb7 14. Qh3 g6 15.
a4 Qc8 16. f5 c4 17. f6 cxd3 18. fxe7 Re8 19. Rxf7 h5 20. Qxe6 Nxe5 21. Rf8+
1-0

[Event "Noisiel 5th op"]
[Site "Noisiel"]
[Date "2020.02.19"]
[Round "8"]
[White "Gherghinoiu, Lucas"]
[Black "Mota, Pankit"]
[Result "0-1"]
[WhiteElo "2120"]
[BlackElo "2048"]
[PlyCount "102"]
[EventDate "2020.02.15"]
[EventType "swiss"]
[EventRounds "9"]
[EventCountry "FRA"]

1. e4 e6 2. d4 d5 3. e5 c5 4. c3 Nc6 5. Nf3 Bd7 6. a3 f6 7. Bd3 Qc7 8. O-O c4
9. Bc2 Nge7 10. Re1 Ng6 11. Qe2 Be7 12. Nbd2 b5 13. Nf1 a5 14. Ng3 a4 15. Nh5
Rg8 16. Bxg6+ hxg6 17. exf6 gxf6 18. Nf4 Qd6 19. Nxe6 Bxe6 20. Bf4 Qd7 21. Qxe6
Qxe6 22. Rxe6 Kd7 23. Rae1 Rae8 24. h3 Rh8 25. Bg3 g5 26. Nh2 Bxa3 27. Rxe8
Rxe8 28. Rb1 Be7 29. f4 b4 30. f5 Ra8 31. Ra1 a3 32. bxa3 Rxa3 33. Rb1 Rxc3 34.
Bf2 b3 35. Ng4 Rd3 36. Ne3 Nxd4 37. Nxd5 Nf3+ 38. gxf3 Rxd5 39. Kf1 Rd2 40. Be3
Ra2 41. Bd4 Rd2 42. Be3 Rd3 43. Ke2 Bd6 44. Rb2 Be5 45. Rb1 Kc6 46. Rd1 Rxd1
47. Kxd1 Kd5 48. Kc1 c3 49. Kb1 Kc4 50. Bf2 Kd3 51. f4 c2+ 0-1

[Event "Noisiel 5th op"]
[Site "Noisiel"]
[Date "2020.02.19"]
[Round "8"]
[White "Mekhane, Adam"]
[Black "Helfer, Remi"]
[Result "0-1"]
[WhiteElo "2021"]
[BlackElo "2017"]
[PlyCount "52"]
[EventDate "2020.02.15"]
[EventType "swiss"]
[EventRounds "9"]
[EventCountry "FRA"]

1. e4 e5 2. Nf3 Nc6 3. Bb5 a6 4. Ba4 Nf6 5. O-O b5 6. Bb3 Bb7 7. c3 Nxe4 8. Re1
Nc5 9. Nxe5 Nxe5 10. Rxe5+ Ne6 11. Bd5 Bxd5 12. Rxd5 Bd6 13. d3 O-O 14. a4 b4
15. cxb4 Qh4 16. Rxd6 cxd6 17. Bd2 Rfe8 18. g3 Qd4 19. Bc3 Qd5 20. Qg4 Nd4 21.
f3 Nxf3+ 22. Kf2 Ne5 23. Nd2 Nxg4+ 24. Kg1 Re2 25. Ne4 Qxd3 26. Nf2 Nxf2 0-1

[Event "Noisiel 5th op"]
[Site "Noisiel"]
[Date "2020.02.19"]
[Round "8"]
[White "Galan, Francois"]
[Black "Brehaut, Carl"]
[Result "0-1"]
[WhiteElo "2025"]
[BlackElo "1918"]
[PlyCount "114"]
[EventDate "2020.02.15"]
[EventType "swiss"]
[EventRounds "9"]
[EventCountry "FRA"]

1. e4 c6 2. d4 d5 3. e5 Bf5 4. Nf3 e6 5. Be2 Nd7 6. O-O c5 7. Be3 Ne7 8. c4
cxd4 9. Bxd4 dxc4 10. Na3 Nc6 11. Nxc4 Be4 12. Bc3 Bd5 13. Qd2 Nc5 14. Qf4 Ne4
15. h4 h6 16. h5 Be7 17. Bd3 Nxc3 18. bxc3 O-O 19. Rfd1 Qc7 20. Ncd2 Bf6 21.
Re1 Rad8 22. Bc2 b5 23. Qg3 Be7 24. Qg4 Kh8 25. Re3 Bc5 26. Re2 Bb6 27. Rae1
Ne7 28. Ne4 Nf5 29. Qf4 f6 30. Ng3 fxe5 31. Nxe5 Ne7 32. Qg4 Qxc3 33. Ng6+ Nxg6
34. Qxg6 Kg8 35. Ne4 Qe5 36. Kh1 Qf5 37. a3 Qxg6 38. hxg6 Bc4 39. f3 Bxe2 40.
Rxe2 Rfe8 41. Kh2 Bd4 42. Bb3 Kf8 43. Kh3 a5 44. Ng3 Rd6 45. Nh5 e5 46. Bf7 Rc8
47. Ng3 Rf6 48. Ne4 Rfc6 49. Ng3 b4 50. axb4 axb4 51. f4 exf4 52. Nh5 Be3 53.
g3 Rc3 54. gxf4 b3 55. f5 b2 56. Ba2 Bg5+ 57. Kg4 R8c4+ 0-1

[Event "Noisiel 5th op"]
[Site "Noisiel"]
[Date "2020.02.19"]
[Round "8"]
[White "Yuan, Beline"]
[Black "Bouton, Christophe"]
[Result "1-0"]
[WhiteElo "1923"]
[BlackElo "2001"]
[PlyCount "85"]
[EventDate "2020.02.15"]
[EventType "swiss"]
[EventRounds "9"]
[EventCountry "FRA"]

1. d4 e6 2. c4 f5 3. Nf3 Nf6 4. g3 d5 5. Qc2 c6 6. Bg2 Bd6 7. O-O O-O 8. b3 Qe7
9. Nc3 Nbd7 10. e3 Ne4 11. c5 Bc7 12. b4 Ndf6 13. Ne2 Bd7 14. Ne5 Ng5 15. Nxd7
Qxd7 16. Bd2 Nf7 17. Rab1 b5 18. cxb6 Bxb6 19. Rfc1 Rfc8 20. a4 Nd6 21. a5 Bd8
22. Nf4 Nc4 23. Qa2 Nxd2 24. Qxd2 Be7 25. Nd3 Bd6 26. Rb2 Rab8 27. Qc2 Qe7 28.
Qa4 h6 29. Rxc6 Rxc6 30. Qxc6 Rb7 31. Nc5 Rc7 32. Qa4 e5 33. Qd1 f4 34. dxe5
Bxe5 35. Bxd5+ Kh8 36. Rb3 fxg3 37. hxg3 Bd6 38. Ne6 Rc1 39. Qxc1 Nxd5 40. Qc8+
Kh7 41. b5 Qf6 42. Nd4 Be5 43. Qf5+ 1-0

[Event "Noisiel 5th op"]
[Site "Noisiel"]
[Date "2020.02.19"]
[Round "8"]
[White "Olivier, Philippe"]
[Black "Noblecourt, Nicolas"]
[Result "1/2-1/2"]
[WhiteElo "1919"]
[BlackElo "1918"]
[PlyCount "74"]
[EventDate "2020.02.15"]
[EventType "swiss"]
[EventRounds "9"]
[EventCountry "FRA"]

1. e4 g6 2. d4 Nf6 3. Nc3 d5 4. e5 Ne4 5. Bd3 Nxc3 6. bxc3 Bg7 7. f4 c5 8. Nf3
Nc6 9. O-O c4 10. Be2 O-O 11. a4 Qa5 12. Bd2 Bd7 13. Qe1 Bf5 14. Ra2 Rfb8 15.
h3 e6 16. g4 Be4 17. Ng5 Qc7 18. Qh4 h6 19. Nxe4 dxe4 20. f5 Nxe5 21. dxe5 Qxe5
22. f6 e3 23. Be1 Bf8 24. Bg3 Qxc3 25. Bxb8 Rxb8 26. Qg3 Rd8 27. Qf3 Rd2 28.
Rd1 Qd4 29. c3 Rxd1+ 30. Bxd1 Qxc3 31. Qe2 Qxf6 32. Qxc4 Qh4 33. Qf1 Bc5 34.
Re2 b6 35. Qf3 a5 36. Kg2 Qg5 37. Qe4 h5 1/2-1/2

[Event "Noisiel 5th op"]
[Site "Noisiel"]
[Date "2020.02.20"]
[Round "9"]
[White "Solodovnichenko, Yuri"]
[Black "Mohammad, Nubairshah Shaikh"]
[Result "1/2-1/2"]
[WhiteElo "2567"]
[BlackElo "2415"]
[PlyCount "162"]
[EventDate "2020.02.15"]
[EventType "swiss"]
[EventRounds "9"]
[EventCountry "FRA"]

1. e4 c6 2. d4 d5 3. e5 Bf5 4. Nf3 e6 5. Be2 Ne7 6. O-O c5 7. dxc5 Nec6 8. c4
d4 9. Re1 d3 10. Bf1 Bxc5 11. Be3 Nd7 12. Bxd3 Bxd3 13. Qxd3 Ncxe5 14. Nxe5
Nxe5 15. Qxd8+ Rxd8 16. Bxc5 Nd3 17. Nc3 Nxc5 18. Rad1 Rxd1 19. Rxd1 Ke7 20. b4
Nd7 21. Nb5 Ne5 22. c5 a5 23. a3 axb4 24. axb4 Nc6 25. Nd6 Nxb4 26. Rb1 b6 27.
cxb6 Kxd6 28. Rxb4 Rb8 29. h4 Kc5 30. Rg4 g6 31. h5 Rxb6 32. hxg6 hxg6 33. g3
e5 34. Ra4 f5 35. Kg2 e4 36. g4 Kd5 37. gxf5 gxf5 38. Ra5+ Ke6 39. Ra3 f4 40.
Ra4 Kf5 41. Ra5+ Kf6 42. Ra4 Ke5 43. Ra5+ Kd4 44. Ra4+ Kd3 45. Ra3+ Kd2 46.
Ra2+ Kc3 47. Ra4 Rb4 48. Ra8 Rb2 49. Kf1 Rb1+ 50. Ke2 Rb2+ 51. Ke1 Kd4 52. Ra4+
Ke5 53. Ra5+ Ke6 54. Rh5 Ra2 55. Rb5 Ra8 56. Ke2 Rd8 57. Ke1 Rd5 58. Rb8 Ra5
59. Rf8 Ke5 60. Ke2 Ra2+ 61. Ke1 Rb2 62. Rf7 Rb8 63. Kd2 Rd8+ 64. Ke1 Rh8 65.
Ke2 Rh2 66. Re7+ Kf5 67. Rf7+ Kg5 68. Kf1 Kg4 69. Kg1 Rh8 70. Kg2 f3+ 71. Kg1
Ra8 72. Kh2 Ra5 73. Rf8 Ra4 74. Rg8+ Kf5 75. Rf8+ Kg5 76. Kg3 Ra1 77. Kh3 Rh1+
78. Kg3 Rg1+ 79. Kh3 Rh1+ 80. Kg3 Rh6 81. Rf5+ Kxf5 1/2-1/2

[Event "Noisiel 5th op"]
[Site "Noisiel"]
[Date "2020.02.20"]
[Round "9"]
[White "Enchev, Ivajlo"]
[Black "Nikolov, Momchil"]
[Result "1/2-1/2"]
[WhiteElo "2496"]
[BlackElo "2539"]
[PlyCount "48"]
[EventDate "2020.02.15"]
[EventType "swiss"]
[EventRounds "9"]
[EventCountry "FRA"]

1. e4 e6 2. d4 d5 3. exd5 exd5 4. Bd3 Bd6 5. Nf3 Nc6 6. O-O Nge7 7. c3 Bg4 8.
h3 Bh5 9. Nbd2 Qd7 10. Qc2 Bg6 11. Re1 O-O 12. Nf1 Bxd3 13. Qxd3 Qf5 14. Qxf5
Nxf5 15. Ne3 Nce7 16. Nxf5 Nxf5 17. Bd2 f6 18. Re2 Rfe8 19. Rae1 Rxe2 20. Rxe2
Kf7 21. Kf1 h5 22. h4 b5 23. Ke1 a5 24. Kd1 a4 1/2-1/2

[Event "Noisiel 5th op"]
[Site "Noisiel"]
[Date "2020.02.20"]
[Round "9"]
[White "Dimitrov, Radoslav"]
[Black "Maiorov, Nikita"]
[Result "0-1"]
[WhiteElo "2519"]
[BlackElo "2506"]
[PlyCount "96"]
[EventDate "2020.02.15"]
[EventType "swiss"]
[EventRounds "9"]
[EventCountry "FRA"]

1. c4 Nf6 2. Nc3 e5 3. Nf3 Nc6 4. d4 exd4 5. Nxd4 Bb4 6. g3 O-O 7. Bg2 Bxc3+ 8.
bxc3 Ne5 9. c5 Qe7 10. Nb3 Rb8 11. O-O b6 12. f4 Nc6 13. e4 Nxe4 14. f5 Nxc3
15. f6 Qe2 16. Qe1 Qxe1 17. Rxe1 Ba6 18. fxg7 Rfe8 19. Bb2 Ne2+ 20. Kf2 Nb4 21.
Rad1 Nc2 22. cxb6 Rxb6 23. Bf3 Nxe1 24. Rxe1 Rbe6 25. Nc5 Rb8 26. Ba1 Nf4 27.
Rd1 Be2 28. Nxe6 Bxf3 29. Nxf4 Bxd1 30. Nd5 f6 31. Nxf6+ Kf7 32. g8=Q+ Rxg8 33.
Nxg8 Kxg8 34. Bd4 a6 35. Ba7 Kf7 36. Bb8 c6 37. Ke3 Ke6 38. h3 c5 39. g4 Bc2
40. h4 Bb1 41. a3 d5 42. h5 d4+ 43. Kd2 c4 44. g5 Bf5 45. Bf4 c3+ 46. Kc1 d3
47. Be3 Bg4 48. g6 d2+ 0-1

[Event "Noisiel 5th op"]
[Site "Noisiel"]
[Date "2020.02.20"]
[Round "9"]
[White "Gatineau, Yovann"]
[Black "Bailet, Pierre"]
[Result "1-0"]
[WhiteElo "2381"]
[BlackElo "2506"]
[PlyCount "115"]
[EventDate "2020.02.15"]
[EventType "swiss"]
[EventRounds "9"]
[EventCountry "FRA"]

1. d4 d5 2. Bf4 c5 3. e3 Nc6 4. Nc3 cxd4 5. exd4 a6 6. Nf3 Bg4 7. Be2 e6 8. O-O
Bd6 9. Bxd6 Qxd6 10. Ne1 Bxe2 11. Nxe2 Nf6 12. Nd3 O-O 13. a4 Rac8 14. a5 Nb4
15. Nc5 Nd7 16. c3 Nc6 17. Nxd7 Qxd7 18. Nf4 Qd6 19. Qf3 Qd8 20. Qg3 g6 21. h4
Ne7 22. h5 Nf5 23. Qg4 Nh6 24. Qe2 Nf5 25. g3 Qf6 26. Kh2 Nd6 27. Kg2 Qf5 28.
f3 Nc4 29. Rh1 g5 30. Nd3 Rfe8 31. Rhe1 h6 32. Nc5 Rc7 33. b3 Nd6 34. Qd2 g4
35. fxg4 Qxg4 36. Qxh6 Qxg3+ 37. Kxg3 Nf5+ 38. Kf4 Nxh6 39. Ra4 Nf5 40. Rb4 Nd6
41. Rb6 Nb5 42. Re3 Ree7 43. Rg3+ Kh7 44. Ke5 Na7 45. Kf6 Nc6 46. Nxa6 bxa6 47.
Rxc6 Rxc6 48. Kxe7 Rc7+ 49. Kd6 Rb7 50. b4 Kh6 51. Kc6 Rb5 52. Rh3 Rb8 53. Kc7
Rb5 54. Rf3 f5 55. Re3 f4 56. Rxe6+ Kxh5 57. Rxa6 Kg5 58. Ra8 1-0

[Event "Noisiel 5th op"]
[Site "Noisiel"]
[Date "2020.02.20"]
[Round "9"]
[White "Degardin, Sylvain"]
[Black "Terrieux, Kevin"]
[Result "1/2-1/2"]
[WhiteElo "2259"]
[BlackElo "2453"]
[PlyCount "40"]
[EventDate "2020.02.15"]
[EventType "swiss"]
[EventRounds "9"]
[EventCountry "FRA"]

1. e4 e6 2. d4 d5 3. exd5 exd5 4. Nf3 Nc6 5. Bb5 Bd6 6. c4 dxc4 7. d5 a6 8. Ba4
b5 9. dxc6 bxa4 10. O-O Ne7 11. Qxa4 Rb8 12. a3 Bf5 13. Nbd2 Bd3 14. Re1 c3 15.
bxc3 Bb5 16. Qh4 O-O 17. Ne4 Ng6 18. Qxd8 Rfxd8 19. Nd4 Be5 20. Be3 Bxd4
1/2-1/2

[Event "Noisiel 5th op"]
[Site "Noisiel"]
[Date "2020.02.20"]
[Round "9"]
[White "Jonkman, Harmen"]
[Black "Rostgaard, Tobias Valentin"]
[Result "0-1"]
[WhiteElo "2385"]
[BlackElo "2364"]
[PlyCount "50"]
[EventDate "2020.02.15"]
[EventType "swiss"]
[EventRounds "9"]
[EventCountry "FRA"]

1. e4 c5 2. c3 e6 3. d4 d5 4. e5 Bd7 5. Nf3 Qb6 6. a3 cxd4 7. cxd4 Bb5 8. Bxb5+
Qxb5 9. Nc3 Qc4 10. Ne2 Nc6 11. O-O Nge7 12. b3 Qa6 13. g4 h5 14. h3 hxg4 15.
hxg4 Ng6 16. Ng3 Be7 17. Nh5 O-O-O 18. Bg5 f6 19. exf6 gxf6 20. Bxf6 Bxf6 21.
Nxf6 Rdf8 22. g5 Nf4 23. Re1 Qb6 24. Qd2 Qc7 25. Rac1 Rxf6 0-1

[Event "Noisiel 5th op"]
[Site "Noisiel"]
[Date "2020.02.20"]
[Round "9"]
[White "Mohite, Ranveer"]
[Black "Popov, Konstantin"]
[Result "1-0"]
[WhiteElo "2231"]
[BlackElo "2391"]
[PlyCount "81"]
[EventDate "2020.02.15"]
[EventType "swiss"]
[EventRounds "9"]
[EventCountry "FRA"]

1. e4 c5 2. Nf3 d6 3. d4 Nf6 4. Nc3 cxd4 5. Nxd4 a6 6. Be3 e5 7. Nf3 Be7 8. Bc4
O-O 9. Bb3 Nbd7 10. O-O b5 11. a4 b4 12. Nd5 Bb7 13. Qd3 Nxd5 14. Bxd5 Bxd5 15.
Qxd5 Qc7 16. Qd3 Rfc8 17. Rfc1 Qb7 18. Nd2 Nc5 19. Bxc5 Rxc5 20. Nb3 Rc7 21.
Na5 Qc8 22. b3 Rc3 23. Qf1 Bg5 24. Re1 Rxc2 25. Nc4 Qc7 26. Rad1 Rd8 27. Rd5
Rc3 28. Rd3 Qb7 29. Rd5 Qa8 30. Rb1 f5 31. Rbd1 fxe4 32. Qe2 Rc1 33. Rxd6 Rxd6
34. Nxd6 Rxd1+ 35. Qxd1 e3 36. Qg4 h6 37. Qe6+ Kh7 38. Qf5+ Kg8 39. Qf7+ Kh8
40. Ne8 Bf6 41. Qf8+ 1-0

[Event "Noisiel 5th op"]
[Site "Noisiel"]
[Date "2020.02.20"]
[Round "9"]
[White "Gavasheli, Ana"]
[Black "D'Cunha, Viani Antonio"]
[Result "0-1"]
[WhiteElo "2232"]
[BlackElo "2403"]
[PlyCount "76"]
[EventDate "2020.02.15"]
[EventType "swiss"]
[EventRounds "9"]
[EventCountry "FRA"]

1. d4 Nf6 2. c4 g6 3. Nc3 Bg7 4. e4 d6 5. f3 O-O 6. Be3 e5 7. Nge2 c6 8. Qd2
Nbd7 9. O-O-O a6 10. h4 b5 11. c5 b4 12. Na4 d5 13. h5 Qe7 14. Kb1 dxe4 15.
hxg6 fxg6 16. dxe5 Nxe5 17. Nb6 Bf5 18. Nd4 Rad8 19. f4 Rxd4 20. Qxd4 Neg4 21.
Bxa6 Be6 22. Qd6 Qf7 23. Bd4 Bxa2+ 24. Ka1 Bb3 25. Qxc6 Kh8 26. Qb7 Bxd1 27.
Rxd1 Qb3 28. Re1 Rd8 29. Bc4 Qg3 30. Rxe4 b3 31. Qe7 Rf8 32. c6 Qxg2 33. Re6
Qh1+ 34. Re1 Qxc6 35. Bxb3 Qb5 36. Ka2 Re8 37. Re5 Nxe5 38. Qf7 Nxf7 0-1

[Event "Noisiel 5th op"]
[Site "Noisiel"]
[Date "2020.02.20"]
[Round "9"]
[White "Hansen, Mads"]
[Black "Nair, Sanjeev"]
[Result "1-0"]
[WhiteElo "2394"]
[BlackElo "2172"]
[PlyCount "81"]
[EventDate "2020.02.15"]
[EventType "swiss"]
[EventRounds "9"]
[EventCountry "FRA"]

1. c4 g6 2. g3 Bg7 3. Bg2 c5 4. Nc3 Nc6 5. d3 d6 6. Nf3 e6 7. Bg5 Nge7 8. Qc1
h6 9. Bd2 b6 10. Rb1 Bb7 11. O-O Qd7 12. e4 g5 13. a3 Ng6 14. b4 O-O 15. h4
gxh4 16. Bxh6 hxg3 17. fxg3 Nce5 18. Ne2 Nxd3 19. Qg5 Bxe4 20. Rbd1 f6 21. Qe3
Bxh6 22. Qxe4 Nde5 23. Nf4 Nxf3+ 24. Bxf3 Ne5 25. Nh5 Qe7 26. bxc5 bxc5 27.
Qxa8 Rxa8 28. Bxa8 Be3+ 29. Kg2 f5 30. Rb1 Nd7 31. Rb7 Qe8 32. Rxd7 Qxh5 33.
Bf3 Qe8 34. Rxa7 d5 35. Rb1 f4 36. cxd5 e5 37. Be4 c4 38. Rc7 f3+ 39. Bxf3 Bh6
40. Bg4 Kh8 41. Rc8 1-0

[Event "Noisiel 5th op"]
[Site "Noisiel"]
[Date "2020.02.20"]
[Round "9"]
[White "Bagheri, Amir"]
[Black "Ahmed Holi Ali, Moawia"]
[Result "1-0"]
[WhiteElo "2361"]
[BlackElo "2121"]
[PlyCount "113"]
[EventDate "2020.02.15"]
[EventType "swiss"]
[EventRounds "9"]
[EventCountry "FRA"]

1. Nf3 Nf6 2. c4 e6 3. g3 d5 4. Bg2 c6 5. b3 Be7 6. O-O O-O 7. Bb2 Nbd7 8. d3
a5 9. Nbd2 b5 10. a3 Ba6 11. Rc1 Rb8 12. Nd4 Qb6 13. cxd5 cxd5 14. Nc6 Rbe8 15.
b4 axb4 16. Nxe7+ Rxe7 17. axb4 Rc8 18. Nb3 Qd6 19. Qd2 e5 20. Bh3 Rxc1 21.
Rxc1 h6 22. Na5 Nb8 23. e3 d4 24. exd4 exd4 25. Bg2 Re8 26. Nb3 Nd5 27. Bxd4
Nc6 28. Bc5 Qe6 29. Nd4 Nxd4 30. Bxd4 Bc8 31. Bc5 Bd7 32. h3 Bc6 33. Bd4 Rd8
34. Re1 Qd7 35. Ba1 Qd6 36. Qb2 Qf8 37. Rc1 Ba8 38. Rc5 Nxb4 39. Qxb4 Bxg2 40.
Kxg2 Rxd3 41. Qg4 Rd8 42. Rxb5 Kh8 43. Rb7 Kg8 44. Rc7 Ra8 45. Bc3 Rb8 46. Kh2
Ra8 47. h4 Rd8 48. Qf5 Rb8 49. Rc4 f6 50. Rg4 Rb6 51. Bd2 Kh8 52. Rc4 Rb8 53.
Bf4 Ra8 54. Rc7 Re8 55. Bxh6 Re5 56. Qxe5 fxe5 57. Bxg7+ 1-0